| 000 | 01100cam a22003257a 4500 | ||
|---|---|---|---|
| 003 | CHAP | ||
| 005 | 20220329134932.0 | ||
| 008 | 971013s1979 r 00010 d | ||
| 010 | _a28325 | ||
| 011 | _a29297 | ||
| 035 | _a33408 | ||
| 040 | _cCHAP | ||
| 090 | _aTesis | ||
| 100 | 0 | 0 |
_aMacías Garnica, Fernando. _969509 |
| 245 | 0 | _aEstudio de mercado y comercialización para la instalación de una planta beneficiadora de guayaba en el municipio de Calvillo, Aguascalientes | |
| 260 |
_aMéxico, D.F. : _bEl autor, _c1979 |
||
| 300 | _a83 h | ||
| 502 | _aTesis (Lic. en Economía) -- UNAM. Fac. de Economía | ||
| 590 |
_aALEPH _b10 _c20130110 _lUCH01 _h1249 |
||
| 590 |
_aBATCH-UPD _b10 _c20130110 _lUCH01 _h1258 |
||
| 590 |
_aBATCH-UPD _b10 _c20130410 _lUCH01 _h0817 |
||
| 590 |
_aBATCH-UPD _b10 _c20130914 _lUCH01 _h1554 |
||
| 590 |
_aCONVERSION _b10 _c20130109 _lUCH01 _h1316 |
||
| 650 | 1 | 4 |
_aGuayaba _xIndustria. _951052 |
| 650 | 1 | 4 |
_aGuayaba _xMercadeo. _951055 |
| 650 | 1 | 4 |
_aProyectos industriales. _992531 |
| 901 | _aBK | ||
| 942 | _cTESIS | ||
| 949 |
_bBC _cTES _d-77701 _eTS1 _h17921 _i33408 _si |
||
| 999 |
_c28325 _d28325 |
||